| 000 | 01547nam a22003135i 4500 | ||
|---|---|---|---|
| 001 | 163762 | ||
| 003 | ES-MaACL | ||
| 005 | 20250713063723.0 | ||
| 008 | 961105e1853 sp a |||| | spa d | ||
| 040 |
_aEUS _bspa _cEUS |
||
| 080 | _a003.344.071(460.356 M) | ||
| 080 | _a904(460.356 M):7.032.7 | ||
| 100 | 1 |
_aRodríguez de Berlanga, Manuel, _d1825-1909 _eaut _998441 |
|
| 245 | 1 | 0 |
_aEstudios sobre los dos bronces encontrados en Málaga a fines de octubre de 1851 / _cpor Manuel Rodríguez de Berlanga. |
| 260 |
_aMálaga : _b[s.n.], _c1853 _f(Imp. del Avisador Malagueño) |
||
| 300 |
_a[52] páginas, [1] hoja de lámina ; _c25 cm. |
||
| 530 | _aDisponible en formato digital | ||
| 597 | _aSignaturizado | ||
| 597 | _aTexto a dos col. | ||
| 599 | _aLámina: reproducción facsímil de los bronces | ||
| 650 | 4 |
_9136293 _aInscripciones latinas- _zMálaga |
|
| 651 | 4 |
_9160633 _aMálaga- _xRestos arqueológicos romanos |
|
| 852 |
_aES-MaACL _cDEPOZ _dOlim: 1501-F-2 _fEx-libris ms. de José Giménez y Oliver _gDedicatoria ms. del autor a José Oliver y Hurtado _hDonativo de José Giménez y Oliver _jZ-1-F-14 |
||
| 856 |
_uhttps://www.bibliotecadigitaldeandalucia.es/catalogo/es/consulta/registro.do?id=1013455 _yVersión en línea _z(Biblioteca Virtual de Andalucía) |
||
| 856 |
_uhttp://bibliotecavirtual.malaga.es/i18n/consulta/registro.cmd?id=117 _yVersión en línea _z(Biblioteca Virtual de la Provincia de Málaga) |
||
| 942 |
_2udc _cMONANT _n0 |
||
| 999 |
_c163762 _d163762 |
||